Fast Typing - Estonia - Statistics

General Stats
  • This quiz has been taken 85 times
  • The average score is 14 of 20
Answer Stats
Answer % Correct
Estonia
100%
Estonia
98%
Estonia
96%
Estonia
94%
Estonia
94%
Estonia
90%
Estonia
90%
Estonia
84%
Estonia
82%
Estonia
82%
Estonia
73%
Estonia
67%
Estonia
63%
Estonia
57%
Estonia
53%
Estonia
47%
Estonia
41%
Estonia
37%
Estonia
37%
Estonia
35%
No matching quizzes found
Score Distribution
Percent of People with Each Score
Percentile by Number Answered
Your Score History
You have not taken this quiz